Dokument ukrajins´kych polonyn

Bibliographic Details
Main Author: Vaňková, Anna (Author)
Format: Article
Language:Ukrainian
PhysicalDescription:Fotogr.
Subjects:

MARC

LEADER 00000nab a2200000 a 4500
001 vtls008622239
003 SK-MaSNL
005 20260318114153.0
008 060214c2005 xo wr p 000 c0ukr
015 |a SNBRB2006/02 
038 |a SVKPOCL 
040 |a SVKPOCL  |b slo  |c AACR2  |e AACR2 
041 0 |a ukr 
044 |a xo  |c SK 
080 |a 77.03(477):061.4  |2 1997 
100 1 |a Vaňková, Anna  |4 aut  |9 1633623 
245 1 0 |a Dokument ukrajins´kych polonyn  |c Anna Van´ko 
300 |b Fotogr. 
600 1 7 |a Hudák, Michal  |d 1928-  |x výstavy  |2 svkpocl  |9 1239867 
610 2 7 |a Podduklianske osvetové stredisko (Svidník, Slovensko)  |2 svkpocl  |9 59698 
648 7 |a 2005  |2 svkpocl  |9 305506 
650 0 7 |a dokumentárna fotografia   |2 svkpocl  |9 75934 
650 0 7 |a výstavy  |2 svkpocl  |9 2780 
651 7 |a Svidník (Slovensko)  |2 svkpocl  |9 28309 
651 7 |a Ukrajina  |2 svkpocl  |9 168045 
773 0 |t Nove žyttja  |g Roč. 55, č. 39-40 (2005), s. 4 
852 |a SVKPO  |b KIS3GCP 
958 |a UK 
958 |a SK 
999 |c 3366064  |d 3367994